Testaments of Time: The Search for Lost Manuscripts and Records 1966 / (Record no. 617371)
[ view plain ]
| 000 -LEADER | |
|---|---|
| fixed length control field | 00412nam a22001337a 4500 |
| 020 ## - INTERNATIONAL STANDARD BOOK NUMBER | |
| Qualifying information | HB. |
| 040 ## - CATALOGING SOURCE | |
| Transcribing agency | FIZZA ISHAQ |
| 082 ## - DEWEY DECIMAL CLASSIFICATION NUMBER | |
| Classification number | 091.09 |
| Author Mark | DEU |
| 100 ## - MAIN ENTRY--PERSONAL NAME | |
| Personal name | Deuel, Leo. |
| 9 (RLIN) | 134392 |
| 245 ## - TITLE STATEMENT | |
| Title | Testaments of Time: The Search for Lost Manuscripts and Records 1966 / |
| Statement of responsibility, etc. | Leo Deuel. |
| 260 ## - PUBLICATION, DISTRIBUTION, ETC. | |
| Place of publication, distribution, etc. | New York: |
| Name of publisher, distributor, etc. | Alfred A. Knopf, |
| Date of publication, distribution, etc. | 1965. |
| 300 ## - PHYSICAL DESCRIPTION | |
| Extent | xxxii ; 590 P. : illustrations ; index inc, |
| Dimensions | 24 cm |
| 942 ## - ADDED ENTRY ELEMENTS (KOHA) | |
| Source of classification or shelving scheme | |
| Koha item type | Book |
| Withdrawn status | Lost status | Source of classification or shelving scheme | Damaged status | Not for loan | Permanent Location | Current Location | Shelving location | Date acquired | Total Checkouts | Full call number | Barcode | Date last seen | Price effective from | Koha item type |
|---|---|---|---|---|---|---|---|---|---|---|---|---|---|---|
| NUST Baluchistan Campus (NBC) | NUST Baluchistan Campus (NBC) | General Stacks | 05/09/2026 | 091.09 DEU | QD-442 | 05/09/2026 | 05/09/2026 | Book |
